| 000 | 00000nam##2200000za#4500 |
| 001 | 9.662968 |
| 003 | CaOODSP |
| 005 | 20210615120824 |
| 007 | ta |
| 008 | 150407|2001||||xxc||||| f|0| 0 fre|d |
| 020 | |a0-662-65904-X |
| 040 | |aCaOODSP|bfre |
| 041 | |aeng |
| 041 | |afre |
| 043 | |an-cn--- |
| 086 | 1 |aJS42-97/2001-1 |
| 110 | 1 |aCanada. |bSolliciteur général Canada. |
| 245 | 10|aConsultation nationale des victimes du crime : |bpoints saillants et messages clés |
| 260 | |aOttawa - Ontario : |bSolliciteur général Canada |c2001. |
| 300 | |aTexte français, 42p. ; |c28 cm. |
| 546 | |aBilingue |
| 563 | |aCouverture souple |
| 590 | |a02-04|b2002-01-25 |
| 691 | 07|aAudience publique|2gcpds |
| 691 | 07|aCrime|2gcpds |
| 691 | 07|aVictime|2gcpds |
| 776 | 0#|tConsultation nationale des victimes du crime : |w(CaOODSP)9.640234 |
| 776 | 0#|tNational consultation with victims of crime : |w(CaOODSP)9.696113 |
| 791 | |tNational consultation with victims of crime : |eeng|w(CaOODSP)9.662967 |